000
00266nam a2200109Ia 4500
008
200302s9999 xx 000 0 und d
100
_a
Peter Gossel & Other
245
_a
Frank Lloyd Wright
260
_b
Benedikt Taschen Verlag Gmbh
260
_c
1994
300
_a
175 P.,
999
_c
920
_d
920